| 000 | 00962nam a2200301 a 4500 | ||
|---|---|---|---|
| 001 | 000108952 | ||
| 003 | CHAP | ||
| 005 | 20220329144031.0 | ||
| 008 | 140324s2012 mx a |r| |||||||spa d | ||
| 010 | _a105414 | ||
| 011 | _a106386 | ||
| 020 | _a9786071202758 | ||
| 040 | _cCHAP | ||
| 082 | 0 | 4 |
_a633.31 _bA32 |
| 100 | 1 |
_aAlarcón Zúñiga, Baldomero _93378 |
|
| 245 | 1 | 0 |
_aProducción de semilla de alfalfa en el Valle del Mezquital, Hidalgo / _cpor Baldomero Alarcón Zúñiga y Teresa Cervantes Martínez. |
| 260 |
_aChapingo, Méx. : _bUACH _bFundación Hidalgo Produce A. C., _c2012. |
||
| 300 |
_a63 p. : _bil., cuadros. |
||
| 590 |
_aE6096MTM _b05 _c20140324 _lUCH01 _h1252 |
||
| 650 | 1 | 4 |
_aAlfalfa _xHidalgo. _93871 |
| 650 | 1 | 4 |
_aAlfalfa _xSemilla. _93888 |
| 650 | 1 | 4 |
_aSemillas _xProducción. _9103927 |
| 650 | 1 | 4 |
_aSemillas _xRendimiento. _9103930 |
| 700 | 0 |
_aCervantes Martínez, Teresa. _921588 |
|
| 901 | _aBK | ||
| 942 | _cLIBRO | ||
| 942 | _n0 | ||
| 999 |
_c105414 _d105414 |
||